Người Thái
Giới thiệu về lịch sử tộc nguời. Đề cập đến hoạt động kinh tế, văn hóa , vật chất , ứng xử cộng đồng, đời sống tinh thần của người Thái.
Đã lưu trong:
| Tác giả chính: | |
|---|---|
| Định dạng: | Sách |
| Năm xuất bản: |
Tp.Hồ Chí Minh.
Nxb Trẻ
2005
|
| Chủ đề: | |
| Tags: |
Thêm thẻ
Không có thẻ, Hãy là người đầu tiên gắn thẻ bản ghi này!
|
| LEADER | 00958nam a2200169 4500 | ||
|---|---|---|---|
| 082 | |a 305.895 |b CH500TH | ||
| 100 | |a Chu Thái Sơn | ||
| 245 | |a Người Thái |c Chu Thái Sơn (chủ biên), Cầm Trọng | ||
| 260 | |a Tp.Hồ Chí Minh. |b Nxb Trẻ |c 2005 | ||
| 300 | |a 180tr. |c 24cm | ||
| 520 | |a Giới thiệu về lịch sử tộc nguời. Đề cập đến hoạt động kinh tế, văn hóa , vật chất , ứng xử cộng đồng, đời sống tinh thần của người Thái. | ||
| 653 | |a Nguời Thái | ||
| 653 | |a Việt Nam | ||
| 942 | |2 ddc |c STK0 | ||
| 999 | |c 3803 |d 3803 | ||
| 952 | |0 0 |1 0 |2 ddc |4 0 |6 305_895000000000000_CH500TH |7 1 |8 300 |9 38738 |a qbu |b qbu |c D2 |d 2014-12-17 |g 44000 |o 305.895 CH500TH |p 4101.C1 |r 0000-00-00 |w 2014-12-17 |y STK0 |0 0 |6 305_895000000000000_CH500TH | ||
| 952 | |0 0 |1 0 |2 ddc |4 0 |6 305_895000000000000_CH500TH |7 0 |8 300 |9 38739 |a qbu |b qbu |c D2 |d 2014-12-17 |g 44000 |o 305.895 CH500TH |p 4101.C2 |r 0000-00-00 |w 2014-12-17 |y STK0 |0 0 |6 305_895000000000000_CH500TH | ||